Statistics for Top 20 Football Clubs in Europe

Click here to take the quiz!

General Stats

  • This quiz has been taken 16,115 times
    (16,047 since last reset)
  • The average score is 15 of 20

Answer Stats

Points Club % Correct
382Real Madrid
98%
321FC Barcelona
98%
214Manchester United
97%
173Liverpool
94%
297Bayern Munich
93%
163Manchester City
92%
227Chelsea
92%
174Paris Saint-Germain
89%
199Arsenal
88%
208Juventus
86%
146AC Milan
83%
160Borussia Dortmund
76%
235Atl├ętico Madrid
75%
146Ajax
70%
202FC Porto
60%
148Olympique Lyonnais
59%
168Sevilla
53%
193S.L. Benfica
46%
144FC Schalke 04
24%
152Shakhtar Donetsk
19%

Score Distribution

Percentile by Number Answered

Percent of People with Each Score

Your Score History

You have not taken this quiz since the last reset